00519nam a2200205Ia 4500003000900000008004100009040001300050040001300063041000800076100001900084245007500103250000900178260001000187260000900197300001000206490002400216490000700240600005100247700001500298IT-RoPAU120407s9999 xx 000 0 und d aIT-RoPAU cIT-RoPAU aita aAngelo Mercati a“Bollandiana” dall’archivio segreto Vaticano, di Angelo Mercati. aRoma aSaler c1940 c24 cm aMisc. Hist. Pontif. v13 aL’Edition romaine des Conciles Généraux. aS. Kuttner